5HLuxD.jpg

KING HENRY VIII SENIOR AND PRIMARY SCHOOL LIBRARY OPAC

An author's odyssey / (Record no. 3093)

000 -LEADER
fixed length control field 01004nam a22002057a 4500
005 - DATE AND TIME OF LATEST TRANSACTION
control field 20231005093130.0
008 - FIXED-LENGTH DATA ELEMENTS--GENERAL INFORMATION
fixed length control field 231005b ||||| |||| 00| 0 eng d
020 ## - INTERNATIONAL STANDARD BOOK NUMBER
International Standard Book Number 9781510201927
040 ## - CATALOGING SOURCE
Transcribing agency KH8
082 ## - DEWEY DECIMAL CLASSIFICATION NUMBER
Classification number FIC COL
100 ## - MAIN ENTRY--PERSONAL NAME
Personal name Colfer, Chris,
Dates associated with a name 1990-
Relator term Author
245 ## - TITLE STATEMENT
Title An author's odyssey /
Statement of responsibility, etc. Chris Colfer
260 ## - PUBLICATION, DISTRIBUTION, ETC.
Place of publication, distribution, etc. London,
Name of publisher, distributor, etc. Little, Brown, Books for Young Readers,
Date of publication, distribution, etc. 2017
300 ## - PHYSICAL DESCRIPTION
Extent 438 pages ;
Other physical details 20 cm.
520 ## - SUMMARY, ETC.
Summary, etc. In the highly anticipated continuation of the Land of Stories series, Conner learns that the only place to fight the Masked Man's literary army is inside his own short stories! When the twins and their friends enter worlds crafted from Conner's imagination, finding allies no one else could have ever dreamed of, the race begins to put an end to the Masked Man's reign of terror. Can the twins finally restore peace in the fairy tale world?
650 ## - SUBJECT ADDED ENTRY--TOPICAL TERM
Topical term or geographic name entry element Adventure fiction
650 ## - SUBJECT ADDED ENTRY--TOPICAL TERM
Topical term or geographic name entry element Children's fiction
650 ## - SUBJECT ADDED ENTRY--TOPICAL TERM
Topical term or geographic name entry element Children's stories
942 ## - ADDED ENTRY ELEMENTS (KOHA)
Source of classification or shelving scheme
Koha item type Books - Fiction
Holdings
Withdrawn status Lost status Source of classification or shelving scheme Damaged status Not for loan Collection code Permanent Location Current Location Shelving location Date acquired Full call number Barcode Date last seen Price effective from Koha item type
          Fiction KH8 Primary School Library KH8 Primary School Library Fiction 2023-10-05 FIC COL KHPL000004303 2025-12-05 2023-10-05 Books - Fiction

Powered By KH8 IT Dept